Genetics

Na minha lista:
Detalhes bibliográficos
Autor principal: Weaver, Robert Franklin
Formato: Livro
Idioma:Undetermined
Publicado em: Dubuque, Iowa W.C. Brown c1989
Assuntos:
Tags: Adicionar Tag
Sem tags, seja o primeiro a adicionar uma tag!
Thư viện lưu trữ: Trung tâm Học liệu Trường Đại học Cần Thơ
LEADER 00474nam a2200181Ia 4500
001 CTU_127255
008 210402s9999 xx 000 0 und d
082 |a 575.1 
082 |b W363 
100 |a Weaver, Robert Franklin 
245 0 |a Genetics 
245 0 |c Robert F. Weaver, Philip W. Hedrick 
260 |a Dubuque, Iowa 
260 |b W.C. Brown 
260 |c c1989 
650 |a Genetics 
904 |i Hiếu 
980 |a Trung tâm Học liệu Trường Đại học Cần Thơ